000 00427 a2200169 4500
001 164731
020 _a85-00-00291-3
040 _cMagnum
100 _aCascudo, Luis da Camara
240 1 0 _aOs compadres corcundas e outros contos brasileiros
_lpor
245 1 0 _aOs compadres corcundas e outros contos brasileiros
300 _a123
362 0 _a1997
440 1 _aEdiouro
697 _aLITERATURA JUVENIL
942 _cBK
999 _c164731
_d164731